Sypance úprimnosti Prešovský majster Juraj Daňo bilancuje celoživotnú bohatú úrodu

Bibliographic Details
Main Authors: Daňo, Juraj, 1946- (Author), Semanco, Emil, 1953- (Author)
Format: Article
Language:Slovak
PhysicalDescription:Fotogr. 2, obr. 2
Subjects:

MARC

LEADER 00000nab a2200000 a 4500
001 vtls000571853
003 SK-MaSNL
005 20260303195007.0
008 160216c1996 xo 0 slo
015 |a SNBRB19rr/mm-uuuuu 
035 |a CL0571991 
040 |a SNKBUCL  |b slo  |c SNKBUCL  |e AACR2 
041 0 |a slo 
044 |a xo  |c SK 
080 |a 75.071.1  |2 1981 
080 |a 929 Daňo, Juraj  |2 1981 
100 1 |a Daňo, Juraj,  |d 1946-  |4 aut  |9 5227 
245 1 0 |a Sypance úprimnosti  |b Prešovský majster Juraj Daňo bilancuje celoživotnú bohatú úrodu  |c Juraj Daňo, Emil Semanco 
300 |b Fotogr. 2, obr. 2 
600 1 7 |a Daňo, Juraj,  |d 1920-2007  |2 snkbucl  |9 175398 
655 7 |a články z novín a časopisov  |2 snkbucl  |9 267496 
700 1 |a Semanco, Emil,  |d 1953-  |4 aut  |9 192879 
773 0 |t Slovenská republika víkend  |g Roč. 3, č. 2/9 (1996), s. 11 
850 |a Slovenská národná knižnica v Martine  |a MTA001 
852 |a SNK  |b KIS3GCP 
958 |a BX 
958 |a RK 
992 |a RBX 
999 |c 2160502  |d 2162432